<?xml version="1.0" encoding="UTF-8"?><marc:collection xmlns:marc="http://www.loc.gov/MARC21/slim">
  <marc:record>
    <marc:leader>00000nam##2200000za#4500</marc:leader>
    <marc:controlfield tag="001">9.695297</marc:controlfield>
    <marc:controlfield tag="003">CaOODSP</marc:controlfield>
    <marc:controlfield tag="005">20211126112849</marc:controlfield>
    <marc:controlfield tag="007">cr |||||||||||</marc:controlfield>
    <marc:controlfield tag="008">150407|1997||||xxc|||||o    f|0| 0 eng|d</marc:controlfield>
    <marc:datafield tag="040" ind1=" " ind2=" ">
      <marc:subfield code="a">CaOODSP</marc:subfield>
      <marc:subfield code="b">eng</marc:subfield>
    </marc:datafield>
    <marc:datafield tag="043" ind1=" " ind2=" ">
      <marc:subfield code="a">n-cn---</marc:subfield>
    </marc:datafield>
    <marc:datafield tag="086" ind1="1" ind2=" ">
      <marc:subfield code="a">FB2-11/1997E-PDF</marc:subfield>
    </marc:datafield>
    <marc:datafield tag="110" ind1="2" ind2=" ">
      <marc:subfield code="a">Bank of Canada.</marc:subfield>
    </marc:datafield>
    <marc:datafield tag="245" ind1="1" ind2="0">
      <marc:subfield code="a">[Price stability, inflation targets, and monetary policy] : </marc:subfield>
      <marc:subfield code="h">[electronic resource]</marc:subfield>
      <marc:subfield code="b">[1997 conference] </marc:subfield>
    </marc:datafield>
    <marc:datafield tag="260" ind1=" " ind2=" ">
      <marc:subfield code="b">Bank of Canada </marc:subfield>
      <marc:subfield code="c">[1997].</marc:subfield>
    </marc:datafield>
    <marc:datafield tag="300" ind1=" " ind2=" ">
      <marc:subfield code="a">26, 10, 35, 6, 28, 6, 4, 37, 6, 5, 40, 7, 12, 16, 14, 6, 15, 40, 4, 9, 35, 7, 6, 51, 7, 10, 10, 8p.</marc:subfield>
      <marc:subfield code="b">graphs, references, tables</marc:subfield>
    </marc:datafield>
    <marc:datafield tag="500" ind1=" " ind2=" ">
      <marc:subfield code="a">Title from Bank of Canada website. Contents: The intertemporal nature of information conveyed by the price system / Serge Coulombe - Discussion / Agathe Côté - Is the CPI a suitable measure for defining price stability? / Allan Crawford, Jean-François Fillion and Thérèse Laflèche - Discussion / Benoît Carmichael - Testing the link between inflation and growth / Steve Ambler and Emanuela Cardia - Discussion / Simon van Norden - Discussion / John W. Galbraith - Non-linearities in the output-inflation relationship / Chantal Dupasquier and Nicholas Ricketts - Discussion / Nicholas Rowe - Testing for downward rigidity in nominal wage rates / Allan Crawford and Alan Harrison - Discussion / Audra J. Bowlus - Discussion / Pierre Fortin - Background paper : The monetary frameworks of four inflation-targeting countries / Robert Lafrance - Inflation targeting : the New Zealand experience / Murray Sherwin - Inflation targeting : the U.K. Experience / William A. Allen - Inflation targeting : the Swedish Experience / Lars Heikensten - On the costs and benefits of price stability / Richard Black, Donald Coletti and Sophie Monnier - Discussion / Steven James - Discussion / Michael B. Devereux - The credibility of monetary policy : international evidence based on surveys of expected inflation / David Johnson - Discussion / Graydon Paulin - Discussion / Victoria Miller - On policy rules for price stability / Richard Black, Tiff Macklem and David Rose - Discussion / Gregor Smith - Wrap-up discussion / W. Paul Jenkins - Wrap-up discussion / Norman Cameron - Wrap-up discussion / William Scarth.</marc:subfield>
    </marc:datafield>
    <marc:datafield tag="590" ind1=" " ind2=" ">
      <marc:subfield code="a">11-31-Supp</marc:subfield>
      <marc:subfield code="b">2011-12-13</marc:subfield>
    </marc:datafield>
    <marc:datafield tag="690" ind1="0" ind2="7">
      <marc:subfield code="a">Inflation</marc:subfield>
      <marc:subfield code="2">gcpds</marc:subfield>
    </marc:datafield>
    <marc:datafield tag="690" ind1="0" ind2="7">
      <marc:subfield code="a">Monetary policy</marc:subfield>
      <marc:subfield code="2">gcpds</marc:subfield>
    </marc:datafield>
    <marc:datafield tag="775" ind1="0" ind2="8">
      <marc:subfield code="t">[Stabilité des prix, cibles en matière d'inflation et politique monétaire] : </marc:subfield>
      <marc:subfield code="w">(CaOODSP)9.639448</marc:subfield>
    </marc:datafield>
    <marc:datafield tag="776" ind1="0" ind2="#">
      <marc:subfield code="t">Price stability, inflation targets, and monetary policy : </marc:subfield>
      <marc:subfield code="w">(CaOODSP)9.646816</marc:subfield>
    </marc:datafield>
    <marc:datafield tag="856" ind1="4" ind2="0">
      <marc:subfield code="a">http://publications.gc.ca</marc:subfield>
      <marc:subfield code="q">PDF</marc:subfield>
      <marc:subfield code="s">29 KB</marc:subfield>
      <marc:subfield code="u">https://publications.gc.ca/collections/Collection/FB2-11-1997E-11.pdf</marc:subfield>
    </marc:datafield>
    <marc:datafield tag="856" ind1="4" ind2="0">
      <marc:subfield code="a">http://publications.gc.ca</marc:subfield>
      <marc:subfield code="q">PDF</marc:subfield>
      <marc:subfield code="s">29 KB</marc:subfield>
      <marc:subfield code="u">https://publications.gc.ca/collections/Collection/FB2-11-1997E-24.pdf</marc:subfield>
    </marc:datafield>
    <marc:datafield tag="856" ind1="4" ind2="0">
      <marc:subfield code="a">http://publications.gc.ca</marc:subfield>
      <marc:subfield code="q">PDF</marc:subfield>
      <marc:subfield code="s">327 KB</marc:subfield>
      <marc:subfield code="u">https://publications.gc.ca/collections/Collection/FB2-11-1997E-23.pdf</marc:subfield>
    </marc:datafield>
    <marc:datafield tag="856" ind1="4" ind2="0">
      <marc:subfield code="a">http://publications.gc.ca</marc:subfield>
      <marc:subfield code="q">PDF</marc:subfield>
      <marc:subfield code="s">148 KB</marc:subfield>
      <marc:subfield code="u">https://publications.gc.ca/collections/Collection/FB2-11-1997E-20.pdf</marc:subfield>
    </marc:datafield>
    <marc:datafield tag="856" ind1="4" ind2="0">
      <marc:subfield code="a">http://publications.gc.ca</marc:subfield>
      <marc:subfield code="q">PDF</marc:subfield>
      <marc:subfield code="s">151 KB</marc:subfield>
      <marc:subfield code="u">https://publications.gc.ca/collections/Collection/FB2-11-1997E-16.pdf</marc:subfield>
    </marc:datafield>
    <marc:datafield tag="856" ind1="4" ind2="0">
      <marc:subfield code="a">http://publications.gc.ca</marc:subfield>
      <marc:subfield code="q">PDF</marc:subfield>
      <marc:subfield code="s">206 KB</marc:subfield>
      <marc:subfield code="u">https://publications.gc.ca/collections/Collection/FB2-11-1997E-10.pdf</marc:subfield>
    </marc:datafield>
    <marc:datafield tag="856" ind1="4" ind2="0">
      <marc:subfield code="a">http://publications.gc.ca</marc:subfield>
      <marc:subfield code="q">PDF</marc:subfield>
      <marc:subfield code="s">21 KB</marc:subfield>
      <marc:subfield code="u">https://publications.gc.ca/collections/Collection/FB2-11-1997E-6.pdf</marc:subfield>
    </marc:datafield>
    <marc:datafield tag="856" ind1="4" ind2="0">
      <marc:subfield code="a">http://publications.gc.ca</marc:subfield>
      <marc:subfield code="q">PDF</marc:subfield>
      <marc:subfield code="s">31 KB</marc:subfield>
      <marc:subfield code="u">https://publications.gc.ca/collections/Collection/FB2-11-1997E-19.pdf</marc:subfield>
    </marc:datafield>
    <marc:datafield tag="856" ind1="4" ind2="0">
      <marc:subfield code="a">http://publications.gc.ca</marc:subfield>
      <marc:subfield code="q">PDF</marc:subfield>
      <marc:subfield code="s">19 KB</marc:subfield>
      <marc:subfield code="u">https://publications.gc.ca/collections/Collection/FB2-11-1997E-4.pdf</marc:subfield>
    </marc:datafield>
    <marc:datafield tag="856" ind1="4" ind2="0">
      <marc:subfield code="a">http://publications.gc.ca</marc:subfield>
      <marc:subfield code="q">PDF</marc:subfield>
      <marc:subfield code="s">29 KB</marc:subfield>
      <marc:subfield code="u">https://publications.gc.ca/collections/Collection/FB2-11-1997E-25.pdf</marc:subfield>
    </marc:datafield>
    <marc:datafield tag="856" ind1="4" ind2="0">
      <marc:subfield code="a">http://publications.gc.ca</marc:subfield>
      <marc:subfield code="q">PDF</marc:subfield>
      <marc:subfield code="s">26 KB</marc:subfield>
      <marc:subfield code="u">https://publications.gc.ca/collections/Collection/FB2-11-1997E-8a.pdf</marc:subfield>
    </marc:datafield>
    <marc:datafield tag="856" ind1="4" ind2="0">
      <marc:subfield code="a">http://publications.gc.ca</marc:subfield>
      <marc:subfield code="q">PDF</marc:subfield>
      <marc:subfield code="s">25 KB</marc:subfield>
      <marc:subfield code="u">https://publications.gc.ca/collections/Collection/FB2-11-1997E-27.pdf</marc:subfield>
    </marc:datafield>
    <marc:datafield tag="856" ind1="4" ind2="0">
      <marc:subfield code="a">http://publications.gc.ca</marc:subfield>
      <marc:subfield code="q">PDF</marc:subfield>
      <marc:subfield code="s">58 KB</marc:subfield>
      <marc:subfield code="u">https://publications.gc.ca/collections/Collection/FB2-11-1997E-13.pdf</marc:subfield>
    </marc:datafield>
    <marc:datafield tag="856" ind1="4" ind2="0">
      <marc:subfield code="a">http://publications.gc.ca</marc:subfield>
      <marc:subfield code="q">PDF</marc:subfield>
      <marc:subfield code="s">98 KB</marc:subfield>
      <marc:subfield code="u">https://publications.gc.ca/collections/Collection/FB2-11-1997E-2.pdf</marc:subfield>
    </marc:datafield>
    <marc:datafield tag="856" ind1="4" ind2="0">
      <marc:subfield code="a">http://publications.gc.ca</marc:subfield>
      <marc:subfield code="q">PDF</marc:subfield>
      <marc:subfield code="s">15 KB</marc:subfield>
      <marc:subfield code="u">https://publications.gc.ca/collections/Collection/FB2-11-1997E-9.pdf</marc:subfield>
    </marc:datafield>
    <marc:datafield tag="856" ind1="4" ind2="0">
      <marc:subfield code="a">http://publications.gc.ca</marc:subfield>
      <marc:subfield code="q">PDF</marc:subfield>
      <marc:subfield code="s">18 KB</marc:subfield>
      <marc:subfield code="u">https://publications.gc.ca/collections/Collection/FB2-11-1997E-22.pdf</marc:subfield>
    </marc:datafield>
    <marc:datafield tag="856" ind1="4" ind2="0">
      <marc:subfield code="a">http://publications.gc.ca</marc:subfield>
      <marc:subfield code="q">PDF</marc:subfield>
      <marc:subfield code="s">35 KB</marc:subfield>
      <marc:subfield code="u">https://publications.gc.ca/collections/Collection/FB2-11-1997E-12.pdf</marc:subfield>
    </marc:datafield>
    <marc:datafield tag="856" ind1="4" ind2="0">
      <marc:subfield code="a">http://publications.gc.ca</marc:subfield>
      <marc:subfield code="q">PDF</marc:subfield>
      <marc:subfield code="s">58 KB</marc:subfield>
      <marc:subfield code="u">https://publications.gc.ca/collections/Collection/FB2-11-1997E-14.pdf</marc:subfield>
    </marc:datafield>
    <marc:datafield tag="856" ind1="4" ind2="0">
      <marc:subfield code="a">http://publications.gc.ca</marc:subfield>
      <marc:subfield code="q">PDF</marc:subfield>
      <marc:subfield code="s">15 KB</marc:subfield>
      <marc:subfield code="u">https://publications.gc.ca/collections/Collection/FB2-11-1997E-15.pdf</marc:subfield>
    </marc:datafield>
    <marc:datafield tag="856" ind1="4" ind2="0">
      <marc:subfield code="a">http://publications.gc.ca</marc:subfield>
      <marc:subfield code="q">PDF</marc:subfield>
      <marc:subfield code="s">107 KB</marc:subfield>
      <marc:subfield code="u">https://publications.gc.ca/collections/Collection/FB2-11-1997E-5.pdf</marc:subfield>
    </marc:datafield>
    <marc:datafield tag="856" ind1="4" ind2="0">
      <marc:subfield code="a">http://publications.gc.ca</marc:subfield>
      <marc:subfield code="q">PDF</marc:subfield>
      <marc:subfield code="s">28 KB</marc:subfield>
      <marc:subfield code="u">https://publications.gc.ca/collections/Collection/FB2-11-1997E-26.pdf</marc:subfield>
    </marc:datafield>
    <marc:datafield tag="856" ind1="4" ind2="0">
      <marc:subfield code="a">http://publications.gc.ca</marc:subfield>
      <marc:subfield code="q">PDF</marc:subfield>
      <marc:subfield code="s">12 KB</marc:subfield>
      <marc:subfield code="u">https://publications.gc.ca/collections/Collection/FB2-11-1997E-7.pdf</marc:subfield>
    </marc:datafield>
    <marc:datafield tag="856" ind1="4" ind2="0">
      <marc:subfield code="a">http://publications.gc.ca</marc:subfield>
      <marc:subfield code="q">PDF</marc:subfield>
      <marc:subfield code="s">13 KB</marc:subfield>
      <marc:subfield code="u">https://publications.gc.ca/collections/Collection/FB2-11-1997E-18.pdf</marc:subfield>
    </marc:datafield>
    <marc:datafield tag="856" ind1="4" ind2="0">
      <marc:subfield code="a">http://publications.gc.ca</marc:subfield>
      <marc:subfield code="q">PDF</marc:subfield>
      <marc:subfield code="s">147 KB</marc:subfield>
      <marc:subfield code="u">https://publications.gc.ca/collections/Collection/FB2-11-1997E-17.pdf</marc:subfield>
    </marc:datafield>
    <marc:datafield tag="856" ind1="4" ind2="0">
      <marc:subfield code="a">http://publications.gc.ca</marc:subfield>
      <marc:subfield code="q">PDF</marc:subfield>
      <marc:subfield code="s">29 KB</marc:subfield>
      <marc:subfield code="u">https://publications.gc.ca/collections/Collection/FB2-11-1997E-21.pdf</marc:subfield>
    </marc:datafield>
    <marc:datafield tag="856" ind1="4" ind2="0">
      <marc:subfield code="a">http://publications.gc.ca</marc:subfield>
      <marc:subfield code="q">PDF</marc:subfield>
      <marc:subfield code="s">117 KB</marc:subfield>
      <marc:subfield code="u">https://publications.gc.ca/collections/Collection/FB2-11-1997E-1.pdf</marc:subfield>
    </marc:datafield>
    <marc:datafield tag="856" ind1="4" ind2="0">
      <marc:subfield code="a">http://publications.gc.ca</marc:subfield>
      <marc:subfield code="q">PDF</marc:subfield>
      <marc:subfield code="s">345 KB</marc:subfield>
      <marc:subfield code="u">https://publications.gc.ca/collections/Collection/FB2-11-1997E-8.pdf</marc:subfield>
    </marc:datafield>
    <marc:datafield tag="856" ind1="4" ind2="0">
      <marc:subfield code="a">http://publications.gc.ca</marc:subfield>
      <marc:subfield code="q">PDF</marc:subfield>
      <marc:subfield code="s">150 KB</marc:subfield>
      <marc:subfield code="u">https://publications.gc.ca/collections/Collection/FB2-11-1997E-3.pdf</marc:subfield>
    </marc:datafield>
  </marc:record>
</marc:collection>
